Tilastot visalle Etelä-Amerikan pääkaupungit kartalla

Klikkaa tästä pelataksesi tätä visaa!

Yleistilastot

  • Tätä visaa on pelattu 717 kertaa
  • Keskiarvotulos 9 / 13

Vastaukset kartalla

Vastauksille on annettu kartalla punavihreä väri sen mukaan, kuinka moni on saanut sen oikein.
Ladataan ...
 

Vastaustilastot

Vastaus% Oikein
Brasília
94%
Lima
87%
Buenos Aires
85%
Santiago
78%
Bogotá
76%
Montevideo
69%
Caracas
62%
Georgetown
57%
Quito
55%
La Paz
53%
Asunción
51%
Sucre
47%
Paramaribo
40%

Tulosjakauma

Persentiili vastausten määrän mukaan

Jokaisen tuloksen saaneiden osuus

Tuloshistoriasi

Et ole pelannut tätä visaa